000 00320nam a22001337a 4500
020 _a0-276-42030-6
041 _aENG
100 _aJohn .E.K
245 _aHoe To Write And Speak Better
260 _aNew York
_bReader's Digest
_c2004
300 _a655
650 _aCompetitlve Exam
856 _uCompetitlve Exam ( 36 )
999 _c913
_d913